00422nmm a2200145Ia 4500008004100000041000800041100001800049245002400067264008000091300001600171650001200187856005100199942000700250999001900257251105s9999||||xx |||||||||||||||||und|| aspa aShalvis, Jill 0aDe nuevo en su cama a[Madrid, España] :bHarlequin, c[Fecha de publicación no identificada] a0 páginas aRomance uhttps://public.digitaliapublishing.com/a/92696 cCF c102719d102719